000 01103namaa2200313 a 4500
001 vtls000979636
003 NLI
005 20210627100429.0
008 120209s1967 wau i000 0 eng
039 9 _y201202091919
_zVLOAD
040 _aNLI
_cVTLS-2010_FOD
_eAACR2
041 1 _aeng
044 _awau
082 0 4 _a332.15
245 0 0 _aSupplemental guarantee agreement (Salto Grande, Jurumirim and Xavantes projects ) between the United States of Brazil and International Bank for Reconstruction and Development :
_bdated April 26, 1967
260 _aWashington :
_bPress of B.S. adams,
_c1967
300 _a7 p. ;
_c28 cm.
500 _aLoan Number 93 BR, 187 BR, and 404 BR
500 _aamendment
500 _aSupplemental guarantee agreement
650 0 _aEconomic Development
_zBolivia
_9749399
650 0 _aFinancial assistance
_zBolivia
710 2 _aInternational Development Association, Washington
_4pbl
710 2 _aWorld Bank (Washington)
887 _a
901 _aUN35977
_b07.07.2010
902 _aU.N 332.15 Ag 84 g (93 Br)
999 _aVIRTUA40
_c802451
_d802451
942 _2ddc
_cBKS